A bruxa, o poeta e o anjo (Registo nº 3910)

Detalhes MARC
000 -Etiqueta do registo
Cabeçalho 00792nam0a2200265 4500
005 - Identificador da versão
Campo de controlo 20240902165445.0
010 ## - Número internacional normalizado dos livros (ISBN)
Número (ISBN) 9728146892
021 ## - Número do Depósito Legal
Código do país PT
Número 105045/96
100 ## - Dados gerais de processamento
Dados gerais de processamento 20170519d1996 c y0pory5003 ba
101 0# - Língua de publicação
Língua do texto, banda sonora, etc. Português
102 ## - Pais de publicação ou produção
País de publicação Portugal
200 1# - Titulo e menção de responsabilidade
Título próprio A bruxa, o poeta e o anjo
Primeira menção de responsabilidade Mário Cláudio
Outras menções de responsabilidade il. de Alfredo Martins
205 ## - Menção da edição
Menção da edição 1ª ed
210 ## - Publicação, Distribuição, etc. 
Lugar da edição, distribuição, etc. Porto
Nome do editor, distribuidor, etc. Campo das Letras
Data da publicação, distribuição, etc. 1996
215 ## - Descrição física 
Indicação específica da natureza do documento e extensão da espécie 23, [3] p.
Outras indicações físicas il. color
225 1# - Colecção 
Título próprio da colecção O sol e a lua
Indicação de volume 1
314 ## - Notas relativas a responsabilidade intelectual 
Texto da nota Mário Cláudio é pseudónimo de Rui Manuel Pinto Barbot Costa
606 ## - Nome comum usado como assunto
Número de registo de entrada de autoridade 0001335
Palavra de ordem Literatura portuguesa
Subdivisão de assunto Conto
Código do sistema CA
675 ## - Classificação Decimal Universal (CDU)
Notação 821.134.3-34
Edição 3ª ed.
Língua da edição por
700 #1 - Nome de autor-pessoa física (responsabilidade principal)
Número de registo de entrada de autoridade 0001895
Palavra de ordem Cláudio
Outra parte do nome não tomada para palavra de ordem Mário
Elementos de identificação ou distinção pseud.
Datas 1941-
702 #1 - Nome de autor-pessoa física (responsabilidade secundária)
Número de registo de entrada de autoridade 0000368
Palavra de ordem Martins
Outra parte do nome não tomada para palavra de ordem Alfredo
Código de função Ilustrador / Técnico de desenho computorizado
942 ## - Elementos de entrada adicionados (Koha)
Tipo de item no Koha Livro
966 ## - Identificação da Biblioteca
Sigla EBVEN
Exemplares
Situação do levantamento Origin of item (home branch) (coded) Biblioteca de empréstimo Código de barras Cota Circulation type (not for loan) Tipo de documento Nota do exemplar Damaged status
  Biblioteca Escolar das Vendas Biblioteca Escolar das Vendas BEV254 8POR CLA   Livro Sem mensagem